000 01005cam a22003257a 4500
003 CHAP
005 20220329143750.0
008 110728s2007 cu r 00010 spa d
010 _a101632
011 _a102604
020 _a9789590705991 (pte.2)
035 _a113293
040 _cCHAP
082 1 0 _a631.4
_bC12 2007
100 1 _aCairo Cairo, Pedro
_917242
245 1 3 _aLa edafología
_c/por Pedro Ciro Cairo y Onelio Fundora Herrera
250 _a4 ed.
260 _aLa Habana :
_bFélix Varela,
_c2007
300 _a2 v.
500 _aLa biblioteca tiene : v.2
590 _aBATCH-UPD
_b10
_c20130110
_lUCH01
_h1515
590 _aBATCH-UPD
_b10
_c20130410
_lUCH01
_h0930
590 _aBATCH-UPD
_b10
_c20130914
_lUCH01
_h0813
590 _aCONVERSION
_b10
_c20130109
_lUCH01
_h1356
650 1 4 _aSuelos.
_9110191
650 1 4 _aSuelos
_xClasificación.
_9110239
901 _aBK
942 _cLIBRO
949 _a631.4 C12 v.2 2007
_bBC
_cLIBRO
_d33724002245561
_eLIBRO
_gDonaciØn
_h115372
_i113293
_si
999 _c101632
_d101632